Tikus memakan tembaga

Bibliographic Details
Main Author: Muhammad bin Harun
Format: Book
Published: Selangor : Pintar Firus , 2006
Series:Siri kisah penuh tauladan
Subjects:

MARC

LEADER 00000cam a2200000 7i4500
001 0000004026
005 20151222.0
008 070724
020 |a 9833266134(set) 
020 |a 9833266177 
090 0 0 |a JF   |b MOR MAL (4167) 
100 0 |a Muhammad bin Harun 
245 0 0 |a Tikus memakan tembaga   |c Muhammad bin Harun 
260 |a Selangor :   |b Pintar Firus ,   |c 2006 
440 |a Siri kisah penuh tauladan 
500 |a Children ages 7-9 years old (orange) 
650 0 |a Junior fiction   |x Malay   |x Languages 
650 0 |a Moral 
999 |a 0000957231   |b Book   |c Children Collection   |e Cawangan Taman Universiti 
999 |a 0000957233   |b Book   |c Children Collection   |e Cawangan Pontian 
999 |a 0000975306   |b Book   |c Children Collection   |e Perbadanan Perpustakaan Awam Johor 
999 |a 0000975307   |b Book   |c Children Collection   |e Perbadanan Perpustakaan Awam Johor 
999 |a 0000975308   |b Book   |c Children Collection   |e Perbadanan Perpustakaan Awam Johor 
999 |a 0000975309   |b Book   |c Children Collection   |e Cawangan Kota Tinggi